000
00360nam a2200157 i 4500
001
bg
245
0
_a
Fiziceskaja elektronika.
250
_a
Vyp. 18.
260
_a
L'vov :
_b
"Viscaja Skola",
_c
1979.
300
_a
s. 141, nlb. 1 :
_b
rys., tab.
040
_c
BPK
041
_a
pol
080
_a
537
942
_c
KS
008
s pl f |000 0 pol
999
_c
9440
_d
9440